000 01455nam a22003737a 4500
003 CHAP
005 20220329134558.0
008 971013s1950 r 00010 d
010 _a22462
011 _a23434
035 _a27530
040 _cCHAP
082 _a330.9726
_bA8
100 0 0 _aAttolini, José.
_98285
245 _aEconomía de la cuenca del Papalopan
_b: bosques fauna, pesca, ganadería e industria
260 _aMéxico, D.F. :
_bUniversidad Nacional Autónoma de México. Instituto de Investigaciones Económicas,
_c1950
300 _a176 p.
_b:ilus. y anexos
500 _aSustituido por Ortega Delgado, Ma. Luisa. Manual de Prácticas de bioquímica
590 _aBATCH-UPD
_b10
_c20130109
_lUCH01
_h2339
590 _aBATCH-UPD
_b10
_c20130110
_lUCH01
_h1714
590 _aBATCH-UPD
_b10
_c20130409
_lUCH01
_h1907
590 _aBATCH-UPD
_b10
_c20130410
_lUCH01
_h1059
590 _aBATCH-UPD
_b10
_c20130914
_lUCH01
_h0425
590 _aCONVERSION
_b10
_c20130109
_lUCH01
_h1313
650 1 4 _aCuenca del Papaloapan.
_930032
650 1 4 _aOaxaca
_xCondiciones económicas.
_982476
650 1 4 _aPuebla
_xCondiciones económicas.
_992870
650 1 4 _aVeracruz
_xCondiciones económicas.
_9118807
901 _aBK
942 _cLIBRO
949 _a330.9726 A8
_bBC
_cBPA
_d-63881
_eBPA
_i27530
_mD
_si
949 _a330.9726 A8
_bBC
_cLIBRO
_d-63883
_eLIBRO
_fc.3
_h46109
_i27530
_mD
_si
949 _a330.9726 A8
_bBC
_cMUT
_d-63882
_eMUT
_fc.2
_i27530
_mD
_si
999 _c22462
_d22462